Gaming Quiz

Random Gaming or Pokémon Quiz
Score 0/106 Timer 16:00
0 Plays Today
Generations Pokémon % Correct
I, III, IV, VI, VII, VIIICharmander
82.9%
I, III, IV, VI, VIIBulbasaur
82.1%
I, III, IV, VI, VIISquirtle
81%
I, VI, VII, VIIIPikachu
72.9%
I, II, III, IV, V, VII, VIIIEevee
62.7%
II, III, IV, VICyndaquil
58.3%
II, III, IV, VITotodile
58.3%
II, III, IV, VIChikorita
58%
III, IV, VITorchic
56.6%
III, IV, VIMudkip
56.4%
III, IV, VITreecko
53.9%
IV, VIPiplup
52.1%
IV, VIChimchar
50.7%
IV, VITurtwig
49.4%
V, VITepig
48.4%
II, III, IV, VITogepi
48.3%
V, VISnivy
48.1%
V, VIOshawott
46.3%
VIFroakie
44.5%
VIChespin
43.4%
VIFennekin
43.1%
I, III, VI, VIILapras
41.8%
VIILitten
36.9%
VIIRowlet
36.7%
I, III, IV, V, VI, VIIKabuto
36.3%
I, III, IV, V, VI, VIIOmanyte
35.4%
VIIPopplio
35.1%
I, III, IV, V, VI, VIIAerodactyl
34.2%
VIIISobble
32.2%
IV, VIIPorygon
32.2%
VIIIScorbunny
31.7%
VIIIGrookey
31.2%
IIPichu
30.2%
II, IV, VDratini
29.1%
IIElekid
28.1%
IIMagby
28%
Generations Pokémon % Correct
III, VIBeldum
27.8%
III, IV, V, VILileep
27.6%
III, VIWynaut
27.3%
IVRiolu
26.9%
III, IV, V, VIAnorith
26.9%
II, IVShuckle
25.8%
IICleffa
25.8%
IIIgglybuff
25.6%
IISmoochum
25.4%
IV, VHappiny
25.3%
I, III, VIIHitmonlee
25%
I, III, VIIHitmonchan
24.8%
VILucario
24.8%
IV, V, VIShieldon
24.7%
II, IVTyrogue
24.7%
IV, V, VICranidos
24.6%
VITyrunt
23%
V, VIArchen
22.5%
III, VICastform
22.4%
VIAmaura
21.3%
V, VITirtouga
21.2%
VILatios
20.6%
VILatias
20.5%
II, IV, VIISpearow
20.1%
VZorua
20%
VPansear
19.8%
VPansage
19.7%
VPanpour
19.6%
VGible
18.5%
VIIIDracovish
17.4%
VIIIToxel
17.1%
VIIIDracozolt
16.8%
VIIIArctozolt
16.7%
VIIIArctovish
16.7%
VII, VIIIType: Null
16.7%
VIICosmog
15.5%
Generations Pokémon % Correct
VLarvesta
15.4%
IVSlugma
14.2%
VIIGastly
13%
VIIScyther
12.8%
IVMareep
11.8%
VIIZubat
11.7%
VIIPinsir
10.9%
VISharpedo
10.2%
IVWooper
10.1%
VDeerling
9.9%
VICamerupt
9.9%
VIIMagnemite
9.2%
VIIStaryu
8.9%
VIIPersian
8.6%
VIIPoliwag
8.5%
VIIZygarde
8.5%
VIIArcanine
8.1%
VIIWingull
7.4%
VIIMurkrow
7.3%
VIIKadabra
7.2%
VIISkarmory
6.9%
VIIShellder
6.9%
VIIPikipek
6.9%
VIIEmolga
6.7%
VIIPyukumuku
6%
VIIMetang
5.9%
VIIRufflet
5.8%
VIIVullaby
5.8%
VIIKlefki
5.7%
VIICarbink
5.6%
VIIFletchling
5.2%
VIIMismagius
5.1%
VIIDrifblim
5%
VIITrevenant
4.8%
Remove Ads.
Support Sporcle.
Get the best of Sporcle when you Go Orange. This ad-free experience offers more features, more stats, and more fun while also helping to support Sporcle. Thank you for becoming a member.

You're not logged in!

Compare scores with friends on all Sporcle quizzes.
OR
Log In

Show Comments

Extras

Top Quizzes Today


Score Distribution

Your Account Isn't Verified!

In order to create a playlist on Sporcle, you need to verify the email address you used during registration. Go to your Sporcle Settings to finish the process.

Report this User

Report this user for behavior that violates our Community Guidelines.

Details: